Green's functions and boundary value problems / (Record no. 24198)

MARC details
000 -LEADER
fixed length control field 02972cam a2200361 i 4500
001 - CONTROL NUMBER
control field 16267369
003 - CONTROL NUMBER IDENTIFIER
control field EG-ScBUE
005 - DATE AND TIME OF LATEST TRANSACTION
control field 20241015092557.0
008 - FIXED-LENGTH DATA ELEMENTS--GENERAL INFORMATION
fixed length control field 100604t2011 njua f b 001 0 eng d
020 ## - INTERNATIONAL STANDARD BOOK NUMBER
International Standard Book Number 9780470609705
040 ## - CATALOGING SOURCE
Original cataloging agency DLC
Language of cataloging eng
Description conventions rda
Transcribing agency DLC
Modifying agency DLC
-- EG-ScBUE
082 04 - DEWEY DECIMAL CLASSIFICATION NUMBER
Edition number 22
Classification number 515.35
Item number STA
100 1# - MAIN ENTRY--PERSONAL NAME
Personal name Stakgold, Ivar,
Relator term author.
245 10 - TITLE STATEMENT
Title Green's functions and boundary value problems /
Statement of responsibility, etc Ivar Stakgold, Department of Mathematical Sciences, University of Delaware, Newark, Delaware and Department of Mathematics, University of California, San Diego, La Jolla, California, Michael J. Holst, Department of Mathematics and Physics, University of California, San Diego, La Jolla, California.
250 ## - EDITION STATEMENT
Edition statement Third edition.
264 #1 - PUBLICATION, DISTRIBUTION, ETC. (IMPRINT)
Place of publication, distribution, etc Hoboken, New Jersey :
Name of publisher, distributor, etc A John Wiley & Sons,
Date of publication, distribution, etc [2011]
264 #4 - PUBLICATION, DISTRIBUTION, ETC. (IMPRINT)
Date of publication, distribution, etc c2011
300 ## - PHYSICAL DESCRIPTION
Extent xxi, 855 pages :
Other physical details illustrations ;
Dimensions 25 cm.
336 ## - CONTENT TYPE
Source rdacontent
Content type term text
Content type code txt
337 ## - MEDIA TYPE
Media type term unmediated
Source rdamedia
Media type code n
338 ## - CARRIER TYPE
Carrier type term volume
Carrier type code nc
Source rdacarrier
490 0# - SERIES STATEMENT
Series statement Pure and applied mathematics ;
Volume number/sequential designation 99
504 ## - BIBLIOGRAPHY, ETC. NOTE
Bibliography, etc Includes bibliographical references and index.
520 ## - SUMMARY, ETC.
Summary, etc "This Third Edition includes basic modern tools of computational mathematics for boundary value problems and also provides the foundational mathematical material necssary to understand and use the tools. Central to the text is a down-to-earth approach that shows readers how to use differential and integral equations when tackling significant problems in the physical sciences, engineering, and applied mathematics, and the book maintains a careful balance between sound mathematics and meaningful applications. A new co-author, Michael J. Holst, has been added to this new edition, and together he and Ivar Stakgold incorporate recent developments that have altered the field of applied mathematics, particularly in the areas of approximation methods and theory including best linear approximation in linear spaces; interpolation of functions in Sobolev Spaces; spectral, finite volume, and finite difference methods; techniques of nonlinear approximation; and Petrov-Galerkin and Galerkin methods for linear equations. Additional topics have been added including weak derivatives and Sobolev Spaces, linear functionals, energy methods and A Priori estimates, fixed-point techniques, and critical and super-critical exponent problems. The authors have revised the complete book to ensure that the notation throughout remained consistent and clear as well as adding new and updated references. Discussions on modeling, Fourier analysis, fixed-point theorems, inverse problems, asymptotics, and nonlinear methods have also been updated"--
650 #7 - SUBJECT ADDED ENTRY--TOPICAL TERM
Topical term or geographic name as entry element Boundary value problems.
Source of heading or term BUEsh
9 (RLIN) 18377
650 #7 - SUBJECT ADDED ENTRY--TOPICAL TERM
Topical term or geographic name as entry element Green's functions.
Source of heading or term BUEsh
650 #7 - SUBJECT ADDED ENTRY--TOPICAL TERM
Topical term or geographic name as entry element Mathematical physics.
Source of heading or term BUEsh
9 (RLIN) 6575
651 ## - SUBJECT ADDED ENTRY--GEOGRAPHIC NAME
Source of heading or term BUEsh
653 ## - INDEX TERM--UNCONTROLLED
Resource For college Engineering, General
Arrived date list February2017
655 ## - INDEX TERM--GENRE/FORM
Form subdivision Reading book
700 1# - ADDED ENTRY--PERSONAL NAME
Personal name Holst, Michael J.,
Relator term author.
942 ## - ADDED ENTRY ELEMENTS (KOHA)
Source of classification or shelving scheme Dewey Decimal Classification
Koha item type Book - Borrowing
Holdings
Withdrawn status Lost status Source of classification or shelving scheme Damaged status Not for loan Collection code Home library Current library Shelving location Date acquired Source of acquisition Cost, normal purchase price Total Checkouts Full call number Barcode Date last seen Cost, replacement price Koha item type
    Dewey Decimal Classification     Baccah Central Library Central Library First floor 20/02/2017 Purchase 2650.00   515.35 STA 000045558 15/07/2025 3313.00 NB - Book (Non borrowing)